000 00493nam a2200169Ia 4500
999 _c121
_d121
003 OSt
005 20201223120914.0
008 190216s9999||||xx |||||||||||||| ||und||
040 _coclc
082 _a297.122594812
_bMOU/V
100 _aMoulavi, Alavi
_97808
245 0 _aVishudha Qur`an Paribhasha /
_cAlavi Moulavi
260 _bYamuna Publication,
_aTrivandrum:
300 _a1370p
650 _aArabic
942 _cBK
_2ddc
_h297.122594812
_iMOU/V
_k297.122594812
_mMOU/V